000 00716nam a2200229Ia 4500
003 OSt
005 20220923212710.0
006 a|||||r|||| 00| 0
007 ta
008 220922b |||||||| |||| 00| 0 hin d
024 _a155,396
037 _cTextual
040 _aARTS
_cARTS
_bhin
041 _2hin
_ahin
082 _aO15:2D40:110D70:13, 152J6-;3
100 _aराय, द्विजेन्द्रलाल
245 0 _aकालिदास और भवभूति
246 _aKālidās aur bhavabhūti
260 _c1956
942 _hO15:2D40:110D70:13, 152J6-;3
_cTEXL
_2CC
999 _c310927
_d310927